| 000 | 00372nam a2200145Ia 4500 | ||
|---|---|---|---|
| 008 | 150201s2005 xx 000 0 und d | ||
| 082 |
_a611 _bE2005G |
||
| 100 | _aGORDEN CHEERS | ||
| 245 | _aTHE ENCYCLOPEDIA ATLAS OF THE HUMAN BODY | ||
| 250 | _a1ST | ||
| 260 |
_bC.B.S PUBLISHERS & DISTRIBUTERS _aDELHI _c2005 |
||
| 300 | _a1-528 | ||
| 650 | _aANATOMY | ||
| 942 |
_2ddc _cBK |
||
| 999 |
_c3468 _d3468 |
||